LEADER 01172nam a2200277 u 4500 001 000000031399 003 CaOOAMICUS 005 20070226112133.0 008 971002s1968 ne ab u000 u eng u 035 $a10771216 040 $aPUL(R)$bita 100 1 $aNeusner, Jacob,$d1932-$0(OLS)http://pul/name/19439 245 12$aA history of the Jews in Babylonia.$nIII,$pFrom Shapur I to Shapur II /$cJacob Neusner .. 246 30$aFrom Shapur I to Shapur II 260 $aLeiden :$bE. J. Brill,$c1968. 300 $axxi, 393 p. :$bc. geogr. ;$c25 cm 490 1 $aStudia post-biblica ;$v12 500 $aContiene indici. 504 $aBibliografia: p. [359]-365. 830 0$aStudia post-biblica ;$v12.$0(OLS)http://pul/title/19155 850 $aPUL 852 $aPUL$W1$xSL Religione 1$y3$m7(1) D 3$j43370$nBK-PRI$b $qStampati$B43370$CPULBib$Z2$F43370 $H $81 941 1 $a8 996 $6245$aA history of the Jews in Babylonia.$nIII,$pFrom Shapur I to Shapur II$9(OLS)http://pul/title/43178 996 $6246$aFrom Shapur I to Shapur II$9(OLS)http://pul/title/43179 996 $6260$aLeiden :$bE. J. Brill$9(OLS)http://pul/publisher/48610 LEADER 01344nam a2200289 a 4500 001 000000136192 003 CaOOAMICUS 005 20131114125404.0 008 131114s2013 it af u000 u ita r 020 $a978-88-6099-195-9 040 $aPUL$bita 082 04$a255 100 1 $aPasquale, Gianluigi,$cO.F.M. Cap.,$d1967-$0(OLS)http://pul/name/54223 245 10$aSpezzare il pane con Francesco :$bi Cappuccini a Verona: testimoni di una presenza /$cGianluigi Pasquale ; a cura di Silvia Rancani. 260 $aS. Pietro in Cariano (VR) :$bIl segno dei Gabrielli,$cİ2013. 300 $a175 p., [4] c. di tav. :$bill. ;$c21 cm 504 $aBibliografia in nota. 610 24$aFrancescani$zItalia.$0(OLS)http://pul/subject/39877 700 1 $aRancani, Silvia.$0(OLS)http://pul/name/87687 850 $aPUL 852 $aPUL$W1$xDP2 Religione 3$y114$m255 PASGI 1$j156963$qDDC 21$B156375$CPULBib$Z2$F156375 $H123136 $82 941 1 $a9 996 $6020$a978-88-6099-195-9$9(OLS)http://pul/number/153941 996 $6082$a255$9(OLS)http://pul/classification/616 996 $6245$aSpezzare il pane con Francesco :$bi Cappuccini a Verona: testimoni di una presenza$9(OLS)http://pul/title/172215 996 $6260$aS. Pietro in Cariano (VR) :$bIl segno dei Gabrielli$9(OLS)http://pul/publisher/61827